000 00562nam a22001817a 4500
005 20231109061232.0
008 231109b |||||||| |||| 00| 0 eng d
020 _a0409037443 ; 0409037451
041 _aEnglish
082 _a346.2 KER
100 _aKerr, AJ
_lEnglish
245 _aThe Principles of the Law of Contract /
_cAJ Kerr
250 _aThird Edition
260 _aDurban :
_bButterworth Publishers (Pty) Ltd,
_c1980
300 _bxiii, 531 pages ;
_c25 cm.
650 _aLegal practice
_bLaw
942 _cBK
_6ALISON_BN_VRIES
999 _c453
_d453